000 00636nam a22001937a 4500
003 0
005 20251009135046.0
008 251009b xxu||||| |||| 00| 0 eng d
020 _a978-1-032-29181-9
050 _aGN 502
_b.D48 2024
100 _aDevonis, David C.,
_eauthor.
245 _aExploring cross-cultural psychology exercises for instructors and students /
_cDavid C. Devonis.
250 _aSecond edition.
260 _aNew York, NY :
_bRoutledge,
_c2024.
300 _axi, 212 pages :
_billustrations ;
_c25 cm.
504 _aIncludes bibliographical references and index.
650 _aEthnopsychology.
942 _2lcc
_cBK
999 _c368203
_d368203